000
00227nam a22000857a 4500
008
170603b xxu||||| |||| 00| 0 eng d
100
_9
3244
_a
Edmonds. R
245
_a
Wonder hiskers and the Grome
260
_a
New Delhi
_b
Parragon
_c
1997
999
_c
6558
_d
6558